A Global History of Architecture (Record no. 2605)
[ view plain ]
| 000 -LEADER | |
|---|---|
| fixed length control field | 00285nam a2200109Ia 4500 |
| 008 - FIXED-LENGTH DATA ELEMENTS--GENERAL INFORMATION | |
| fixed length control field | 200302s9999 xx 000 0 und d |
| 100 ## - MAIN ENTRY--PERSONAL NAME | |
| Personal name | Francis D. K. Ching & Others |
| 245 ## - TITLE STATEMENT | |
| Title | A Global History of Architecture |
| 260 ## - PUBLICATION, DISTRIBUTION, ETC. | |
| Name of publisher, distributor, etc. | John Wiley & Sons, Inc. |
| 260 ## - PUBLICATION, DISTRIBUTION, ETC. | |
| Date of publication, distribution, etc. | 2007 |
| 300 ## - PHYSICAL DESCRIPTION | |
| Extent | 800 P., |
| Withdrawn status | Lost status | Damaged status | Not for loan | Permanent Location | Current Location | Date acquired | Cost, normal purchase price | Total Checkouts | Full call number | Barcode | Date last seen | Date last checked out | Price effective from | Koha item type | Source of classification or shelving scheme |
|---|---|---|---|---|---|---|---|---|---|---|---|---|---|---|---|
| BMS College of Architecture, Design and Planning | BMS College of Architecture, Design and Planning | 2020-03-03 | 3867.00 | 3 | 720.9 | CL-UG49913 | 2025-09-26 | 2025-09-26 | 2020-03-03 | UG Books from CL | |||||
| BMS College of Architecture, Design and Planning | BMS College of Architecture, Design and Planning | 2020-12-09 | 4 | 720.9 | AR-UG1943 | 2025-01-29 | 2025-01-27 | 2020-12-09 | UG Books | ||||||
| BMS College of Architecture, Design and Planning | BMS College of Architecture, Design and Planning | 2020-12-09 | 1 | 720.9 | AR-UG1944 | 2025-11-28 | 2025-11-27 | 2020-12-09 | UG Books |